00458nam a2200169Ia 4500999001700000003000400017005001700021008004100038040001800079082001800097100002500115245004900140260003800189300000900227650001000236942004200246 c16315d16315OSt20200606115908.0190216s9999||||xx |||||||||||||| ||und|| cMESKC library a891.43bBHA/H aBavuk, Krishna 9309 0aHindi Bhasha Aur Nagarilipi /cKrishna Bavuk bAshoka Prakashan,aDelhi:c2002. a212p aHindi cBK2ddch891.43iBHA/Hk891.43mBHA/H